Pokémon Aleatorios por Imagen - Estadísticas

Estadísticas generales
  • Esta prueba ha sido intentada 10.064 veces
  • La puntuación promedio es 13 de 20
Estadísticas de respuestas
Imagen Respuesta % Correcto
Dragonite
97%
Pikachu
97%
Charmander
95%
Snorlax
95%
Blastoise
94%
Charizard
94%
Eevee
94%
Pichu
93%
Raichu
93%
Vaporeon
93%
Rapidash
92%
Squirtle
92%
Abra
91%
Ekans
91%
Magikarp
91%
Umbreon
91%
Ditto
90%
Gengar
90%
Geodude
90%
Jolteon
90%
Lucario
90%
Rattata
90%
Articuno
89%
Charmeleon
89%
Gyarados
89%
Mr. Mime
89%
Onix
89%
Psyduck
89%
Vulpix
89%
Zapdos
89%
Zubat
89%
Alakazam
88%
Bulbasaur
88%
Flareon
88%
Lugia
88%
Machoke
88%
Mew
88%
Muk
88%
Tentacruel
88%
Gastly
87%
Ho-Oh
87%
Lapras
87%
Machop
87%
Mewtwo
87%
Ponyta
87%
Raticate
87%
Diglett
86%
Golbat
86%
Graveler
86%
Kadabra
86%
Nidorina
86%
Ninetales
86%
Tauros
86%
Doduo
85%
Nidoking
85%
Pidgeot
85%
Pidgeotto
85%
Piplup
85%
Porygon
85%
Porygon-Z
85%
Tentacool
85%
Arceus
84%
Caterpie
84%
Giratina
84%
Glaceon
84%
Machamp
84%
Moltres
84%
Nidorino
84%
Aerodactyl
83%
Dragonair
83%
Dugtrio
83%
Kyogre
83%
Mankey
83%
Marowak
83%
Metapod
83%
Palkia
83%
Rayquaza
83%
Roselia
83%
Tangela
83%
Torchic
83%
Cubone
82%
Espeon
82%
Garchomp
82%
Golem
82%
Haunter
82%
Kakuna
82%
Latios
82%
Magmar
82%
Paras
82%
Pidgey
82%
Togepi
82%
Tyranitar
82%
Chikorita
81%
Gardevoir
81%
Hitmonchan
81%
Latias
81%
Magnemite
81%
Meowth
81%
Nidoqueen
81%
Persian
81%
Slowpoke
81%
Steelix
81%
Treecko
81%
Arcanine
80%
Darkrai
80%
Dialga
80%
Dratini
80%
Ivysaur
80%
Mudkip
80%
Regirock
80%
Slowbro
80%
Venusaur
80%
Blaziken
79%
Crobat
79%
Electrode
79%
Empoleon
79%
Golduck
79%
Groudon
79%
Hypno
79%
Kabuto
79%
Pinsir
79%
Weedle
79%
Absol
78%
Infernape
78%
Nidoran♂
78%
Oddish
78%
Ralts
78%
Slugma
78%
Torterra
78%
Totodile
78%
Wartortle
78%
Arbok
77%
Chimchar
77%
Cyndaquil
77%
Hitmonlee
77%
Jigglypuff
77%
Larvitar
77%
Natu
77%
Nidoran♀
77%
Nosepass
77%
Parasect
77%
Slowking
77%
Aron
76%
Beedrill
76%
Entei
76%
Heracross
76%
Jynx
76%
Staryu
76%
Bellsprout
75%
Celebi
75%
Cleffa
75%
Fearow
75%
Flygon
75%
Gallade
75%
Koffing
75%
Leafeon
75%
Metagross
75%
Seel
75%
Suicune
75%
Chansey
74%
Cresselia
74%
Krabby
74%
Lickitung
74%
Rhyhorn
74%
Riolu
74%
Scyther
74%
Spearow
74%
Starmie
74%
Sunflora
74%
Voltorb
74%
Xatu
74%
Butterfree
73%
Grimer
73%
Growlithe
73%
Horsea
73%
Magneton
73%
Mareep
73%
Milotic
73%
Murkrow
73%
Quilava
73%
Regigigas
73%
Seadra
73%
Clefable
72%
Clefairy
72%
Cloyster
72%
Deoxys
72%
Registeel
72%
Sharpedo
72%
Skarmory
72%
Skitty
72%
Venonat
72%
Victini
72%
Weezing
72%
Ampharos
71%
Corsola
71%
Feebas
71%
Kabutops
71%
Kingler
71%
Ludicolo
71%
Plusle
71%
Primeape
71%
Swampert
71%
Altaria
70%
Drowzee
70%
Gloom
70%
Hoppip
70%
Luxray
70%
Omastar
70%
Porygon2
70%
Raikou
70%
Sneasel
70%
Solrock
70%
Ursaring
70%
Abomasnow
69%
Azumarill
69%
Cacnea
69%
Electabuzz
69%
Gible
69%
Hariyama
69%
Lotad
69%
Miltank
69%
Poliwhirl
69%
Rotom
69%
Sableye
69%
Staraptor
69%
Turtwig
69%
Aggron
68%
Bagon
68%
Duskull
68%
Mawile
68%
Monferno
68%
Numel
68%
Pupitar
68%
Sandslash
68%
Shuppet
68%
Zigzagoon
68%
Camerupt
67%
Dodrio
67%
Goldeen
67%
Heatran
67%
Lopunny
67%
Lunatone
67%
Mamoswine
67%
Marill
67%
Meditite
67%
Omanyte
67%
Pachirisu
67%
Pelipper
67%
Seaking
67%
Staravia
67%
Venomoth
67%
Vibrava
67%
Beldum
66%
Bidoof
66%
Bronzor
66%
Kirlia
66%
Magmortar
66%
Sandshrew
66%
Sceptile
66%
Spinarak
66%
Spinda
66%
Trapinch
66%
Wailmer
66%
Wingull
66%
Yanma
66%
Combusken
65%
Floatzel
65%
Gligar
65%
Magby
65%
Poliwag
65%
Regice
65%
Roserade
65%
Salamence
65%
Shellder
65%
Snubbull
65%
Swablu
65%
Teddiursa
65%
Cacturne
64%
Castform
64%
Flaaffy
64%
Gulpin
64%
Medicham
64%
Munchlax
64%
Pineco
64%
Slaking
64%
Starly
64%
Sudowoodo
64%
Azelf
63%
Carvanha
63%
Dunsparce
63%
Elekid
63%
Furret
63%
Gabite
63%
Hitmontop
63%
Hoothoot
63%
Kingdra
63%
Misdreavus
63%
Noctowl
63%
Rhydon
63%
Togekiss
63%
Aipom
62%
Buneary
62%
Corphish
62%
Donphan
62%
Dusknoir
62%
Girafarig
62%
Hippopotas
62%
Jirachi
62%
Luxio
62%
Scizor
62%
Shinx
62%
Toxicroak
62%
Unown
62%
Wailord
62%
Wobbuffet
62%
Ariados
61%
Armaldo
61%
Chatot
61%
Combee
61%
Magnezone
61%
Rampardos
61%
Torkoal
61%
Bayleef
60%
Blissey
60%
Granbull
60%
Meganium
60%
Metang
60%
Prinplup
60%
Remoraid
60%
Spheal
60%
Togetic
60%
Wooper
60%
Zangoose
60%
Farfetch’d
59%
Feraligatr
59%
Lairon
59%
Weavile
59%
Azurill
58%
Buizel
58%
Cascoon
58%
Electrike
58%
Glalie
58%
Gliscor
58%
Kangaskhan
58%
Phanpy
58%
Sentret
58%
Seviper
58%
Smeargle
58%
Spoink
58%
Typhlosion
58%
Ambipom
57%
Breloom
57%
Gastrodon
57%
Ledyba
57%
Mime Jr.
57%
Rhyperior
57%
Uxie
57%
Whiscash
57%
Banette
56%
Exeggutor
56%
Loudred
56%
Makuhita
56%
Mantine
56%
Mesprit
56%
Nuzleaf
56%
Quagsire
56%
Seedot
56%
Shedinja
56%
Spiritomb
56%
Cranidos
55%
Delcatty
55%
Houndoom
55%
Magcargo
55%
Manectric
55%
Mightyena
55%
Mismagius
55%
Ninjask
55%
Shelgon
55%
Shellos
55%
Shiftry
55%
Vigoroth
55%
Vileplume
55%
Bronzong
54%
Budew
54%
Claydol
54%
Drapion
54%
Dusclops
54%
Froslass
54%
Grovyle
54%
Lombre
54%
Nincada
54%
Slakoth
54%
Taillow
54%
Bibarel
53%
Dustox
53%
Forretress
53%
Houndour
53%
Kecleon
53%
Marshtomp
53%
Octillery
53%
Shaymin
53%
Stunky
53%
Surskit
53%
Swinub
53%
Tangrowth
53%
Tropius
53%
Tyrogue
53%
Yanmega
53%
Bellossom
52%
Croconaw
52%
Delibird
52%
Exploud
52%
Lanturn
52%
Poochyena
52%
Relicanth
52%
Weepinbell
52%
Wigglytuff
52%
Barboach
51%
Cherubi
51%
Dewgong
51%
Finneon
51%
Happiny
51%
Linoone
51%
Poliwrath
51%
Purugly
51%
Wurmple
51%
Baltoy
50%
Croagunk
50%
Electivire
50%
Minun
50%
Piloswine
50%
Shuckle
50%
Silcoon
50%
Skorupi
50%
Anorith
49%
Bastiodon
49%
Drifloon
49%
Ledian
49%
Luvdisc
49%
Manaphy
49%
Politoed
49%
Probopass
49%
Bonsly
48%
Carnivine
48%
Grotle
48%
Honchkrow
48%
Swalot
48%
Beautifly
47%
Shieldon
47%
Snover
47%
Sunkern
47%
Victreebel
47%
Chimecho
46%
Jumpluff
46%
Phione
46%
Smoochum
46%
Stantler
46%
Vespiquen
46%
Chinchou
45%
Exeggcute
45%
Sealeo
45%
Skuntank
45%
Swellow
45%
Hippowdon
44%
Igglybuff
44%
Lickilicky
44%
Qwilfish
44%
Whismur
44%
Wynaut
44%
Cherrim
43%
Glameow
43%
Clamperl
42%
Lileep
42%
Snorunt
42%
Volbeat
42%
Huntail
41%
Kricketot
41%
Lumineon
41%
Masquerain
41%
Shroomish
41%
Skiploom
41%
Walrein
41%
Burmy
40%
Grumpig
40%
Mantyke
40%
Drifblim
38%
Cradily
37%
Crawdaunt
37%
Kricketune
37%
Illumise
36%
Chingling
32%
Gorebyss
32%
Mothim
32%
Wormadam
27%
No se encontraron pruebas coincidentes
Distribución de puntuación
Porcentaje de gente con cada puntuación
Porcentaje por número respondido
Historial de tus puntuaciones
No has intentado esta prueba.